Music Quiz

Random Music or Song Quiz

Fleetwood Mac songs (1967-2013) Quiz Stats

Quiz not verified by Sporcle

Also try: Instrumental Songs
Challenge
Share
Tweet
Embed
Score 0/238 Timer 20:00
0 Plays Today
% Correct
Sara
90.4%
Tusk
89.6%
Go Your Own Way
83.2%
Dreams
81.6%
Don't Stop
80.8%
The Chain
80.8%
Gypsy
79.2%
Rhiannon
78.4%
Gold Dust Woman
74.4%
Second Hand News
73.6%
You Make Loving Fun
72.8%
Everywhere
71.2%
Little Lies
71.2%
Songbird
70.4%
Tango in the Night
70.4%
Landslide
69.6%
Seven Wonders
67.2%
Sisters of the Moon
66.4%
Big Love
66.4%
Say You Will
66.4%
Say You Love Me
64.8%
Save Me
64.8%
Monday Morning
64%
Silver Springs
64%
Oh Daddy
63.2%
Angel
61.6%
Not That Funny
61.6%
Angel
61.6%
Hold Me
61.6%
Oh Well
61.6%
Heroes Are Hard to Find
60.8%
Over My Head
60%
Over & Over
60%
Never Going Back Again
58.4%
Albatross
58.4%
Future Games
57.6%
Bare Trees
57.6%
Blue Letter
57.6%
Brown Eyes
57.6%
Storms
56.8%
Beautiful Child
56%
The Ledge
55.2%
Warm Ways
54.4%
Think About Me
54.4%
Family Man
54.4%
Welcome to the Room Sara
54.4%
Hypnotized
53.6%
Crystal
53.6%
Oh Diane
53.6%
Behind the Mask
53.6%
I Don't Want to Know
52.8%
I Do
52%
Come
52%
Sugar Daddy
50.4%
Caroline
50.4%
Honey Hi
49.6%
You and I Part 2
48.8%
What Makes You Think You're the One
48%
Illume (9-11)
48%
World Turning
47.2%
When I See You Again
47.2%
Save Me a Place
46.4%
Bleed to Love Her
46.4%
Bleed to Love Her
46.4%
Sweet Girl
46.4%
Love in Store
45.6%
Empire State
45.6%
Isn't It Midnight
45.6%
Silver Girl
45.6%
I'm So Afraid
44.8%
Never Make Me Cry
44.8%
Straight Back
44%
That's All for Everyone
43.2%
Walk a Thin Line
43.2%
Skies the Limit
43.2%
Black Magic Woman
43.2%
Paper Doll
43.2%
My Little Demon
43.2%
Never Forget
42.4%
That's Alright
42.4%
% Correct
Peacekeeper
42.4%
Mystified
41.6%
Miranda
41.6%
Book of Love
40.8%
Red Rover
40.8%
Eyes of the World
40%
Goodbye Baby
40%
Affairs of the Heart
39.2%
Why
37.6%
I Know I'm Not Wrong
37.6%
Freedom
37.6%
Temporary One
37.6%
Sentimental Lady
36.8%
Emerald Eyes
36.8%
Thrown Down
36.8%
Fireflies
36.8%
That's Enough for Me
36%
The Farmer's Daughter
36%
Say Goodbye
35.2%
As Long as You Follow
35.2%
Heart of Stone
34.4%
Wish You Were Here
33.6%
Running Through the Garden
33.6%
The Green Manalishi (With the Two-Prong Crown)
33.6%
Without You
32.8%
Can't Go Back
32.8%
Without You
32.8%
Come a Little Bit Closer
32%
Only Over You
32%
Everybody Finds Out
32%
Sad Angel
32%
Don't Let Me Down Again
32%
Smile at You
31.2%
Destiny Rules
31.2%
Dust
30.4%
In the Back of My Mind
30.4%
What's the World Coming To
30.4%
Murrow Turning Over in His Grave
30.4%
Spare Me a Little of Your Love
29.6%
Love Is Dangerous
29.6%
The Second Time
29.6%
No Questions Asked
29.6%
When the Sun Goes Down
27.2%
Station Man
25.6%
Sands of Time
25.6%
Stand on the Rock
25.6%
Love Shines
25.6%
Make Me a Mask
25.6%
Hollywood (Some Other Kind of Town)
24.8%
Rattlesnake Shake
24%
Morning Rain
23.2%
Remember Me
23.2%
The Derelict
23.2%
Bermuda Triangle
23.2%
Winds of Change
23.2%
Steal Your Heart Away
23.2%
Man of the World
23.2%
One More Night
23.2%
Do You Know
22.4%
Earl Gray
21.6%
Child of Mine
21.6%
Homeward Bound
21.6%
Not Make Believe
21.6%
Thoughts on a Grey Day
20.8%
Woman of 1000 Years
20%
The City
20%
Hard Feelings
20%
Miss Fantasy
20%
Dust My Broom
19.2%
Show Me a Smile
19.2%
(I'm a) Road Runner
19.2%
Dragonfly
19.2%
Love Minus Zero - No Limit
19.2%
Jewel-Eyed Judy
18.4%
Danny's Chant
18.4%
Forever
18.4%
This Is the Rock
17.6%
Buddy's Song
17.6%
Sometimes
17.6%
The Ghost
17.6%
% Correct
Safe Harbour
17.6%
When It Comes to Love
17.6%
Need Your Love So Bad
17.6%
Lay It All Down
16.8%
It Takes Time
16.8%
Searching for Madge
16%
Did You Ever Love Me
16%
Caught in the Rain
16%
For Your Love
16%
Nights in Estoril
16%
Shake Your Moneymaker
15.2%
Blood on the Floor
15.2%
Dissatisfied
15.2%
Coming Home
14.4%
My Dream
14.4%
Somebody
14.4%
Coming Home
14.4%
She's Changing Me
14.4%
Silver Heels
14.4%
Long Grey Mare
13.6%
Revelation
13.6%
Believe Me
13.6%
Just Crazy Love
13.6%
Miles Away
13.6%
Fighting for Madge
12.8%
What a Shame
12.8%
Prove Your Love
12.8%
Hellhound on My Trail
12%
Coming Your Way
12%
Sunny Side of Heaven
12%
Bright Fire
12%
Keep on Going
12%
These Strange Times
12%
Stop Messin' Round
11.2%
Love That Burns
11.2%
Doctor Brown
11.2%
Hi Ho Silver
11.2%
One Together
11.2%
Night Watch
11.2%
My Heart Beat Like a Hammer
10.4%
I Loved Another Woman
10.4%
When You Say
10.4%
Showbiz Blues
10.4%
The Way I Feel
10.4%
Bad Loser
10.4%
Talkin' to My Heart
10.4%
Looking for Somebody
9.6%
Rollin' Man
9.6%
Closing My Eyes
9.6%
Underway
9.6%
Although the Sun Is Shining
9.6%
Like Crying
9.6%
Before the Beginning
9.6%
Tell Me All the Things You Do
9.6%
Born Enchanter
9.6%
I Got It in for You
9.6%
I Believe My Time Ain't Long
9.6%
No Place to Go
8.8%
The World Keep on Turning
8.8%
Mission Bell
8.8%
Blow by Blow
8.8%
Merry Go Round
8%
Evenin' Boogie
8%
One Sunny Day
8%
Dreamin' the Dream
8%
Sooner or Later
8%
I Wonder Why
8%
All Over Again
8%
Purple Dancer
8%
My Baby's Good to Me
7.2%
Cold Black Night
7.2%
Got to Move
7.2%
If You Be My Baby
7.2%
Lazy Poker Blues
7.2%
Trying So Hard to Forget
7.2%
Nothing Without You
7.2%
I've Lost My Baby
6.4%
Need Your Love Tonight
6.4%

You're not logged in!

Compare scores with friends on all Sporcle quizzes.
Sign Up with Email
OR
Log In

You Might Also Like...

Show Comments

Extras

Top Quizzes Today


Score Distribution

Your Account Isn't Verified!

In order to create a playlist on Sporcle, you need to verify the email address you used during registration. Go to your Sporcle Settings to finish the process.